000 01122cab a2200397 4500
001 ABS53026
008 090401t1995 xxu||||| |||| 00| 0 eng d
035 _a(Sirsi) u1404
041 _aeng
245 _aEstates Times survey: Greater Manchester
260 _c1995
350 _a0
490 _aEstates Times
_v(1285) 23 June 1995, 11-24(14)
650 _aASHTON
650 _aBOLTON
650 _aBURY
650 _aBUSINESS PARKS
650 _aDUMPLINGTON
650 _aGREATER MANCHESTER
650 _aINDUSTRIAL MARKET
650 _aInfrastructure
_96246
650 _aINVESTMENT MARKET
650 _aMANCHESTER AIRPORT
650 _aMANCHESTER
650 _aPROPERTY-COMMERCIAL PROPERTY-OFFICE PROPERTY-OFFICE PROPERTY MARKET
650 _aOLDHAM
650 _aPROPERTY-COMMERCIAL PROPERTY-RETAIL PROPERTY-RETAIL PROPERTY MARKET
650 _aROCHDALE
650 _aSALFORD QUAYS
650 _aSHOPPING CENTRES
650 _aTRAFFORD PARK
650 _aURBAN REGENERATION
690 _aPROPERTY-COMMERCIAL PROPERTY-COMMERCIAL PROPERTY MARKET
942 _n0
948 _c04/03/1997
999 _c775
_d775